00729nam a2200217 a 450000100060000000300080000600500170001400800410003103500140007204000260008604100080011208200300012010000220015024501520017224600360032426000560036030000280041665000290044465000190047370000190049278561BD-RjUL20211209083137.0211005s1964 pk 000 0 eng  a(BD-RjUL) aBD-RjULbengcBD-RjUL aeng04223a346.5490436bABT 1964 aAbdul-Aziz, Kazi 14aThe Transfer of property act :b(IV of 1882) as adapted in Pakistan and amended up to date /cby Kazi Abdul-Aziz ; With a foreword by A.S. Faruqui. aTransfer of Property Act, 1882. aKarachi :bNafees Begum A. Kazi;bFazlel Son,c1964 axiv, 353 pages,c22 cm. 0aTransfer (Law)zPakistan 0aTransfer (Law) aFaruqui, A.S.